000 01062cam a2200265 i 4500
001 zz2005822620
003 NUKAT
005 20260416200605.0
008 050214s1936 pl |000 0 pol c
035 _a(OCoLC)1412986850
035 _a(NUKAT)zz2005822620
040 _aGD U/MZ
_bpol
_erda
_cGD U/MZ
_dGD U/MZ
_dWA U/ASO
_dGD U/KMs
_dKR 119/jp
_dGD U/MJ
_dKR 119/jz
100 1 _aDyboski, Roman
_d(1883-1945).
_eAutor
_939694
245 1 0 _aPolska a kultura Zachodu :
_bodczyt w Ognisku Krakowskim Polskiej YMCA, 1 października 1936 roku /
_cR. Dyboski.
260 _aKraków :
_bnakł. Związku Młodzieży Chrześc. Polska YMCA,
_c1936.
300 _a18 stron ;
_c23 cm.
336 _aTekst
_btxt
_2rdacontent
337 _aBez urządzenia pośredniczącego
_bn
_2rdamedia
338 _aWolumin
_bnc
_2rdacarrier
530 _aDostępne również w formie elektronicznej.
651 7 _aPolska
_xcywilizacja.
_2kaba
_94635
856 4 1 _uhttp://www.pbc.gda.pl/dlibra/docmetadata?id=64161
856 4 1 _uhttp://pbc.up.krakow.pl/publication/6786
942 _2ddc
_cBK_NM
999 _c27627
_d27627